000 00546nam a22001577a 4500
005 20250225091517.0
008 250225b |||||||| |||| 00| 0 eng d
020 _a9788174731753
050 _aRM171.4 CLI
245 _aThe Clinical Use of Blood/
_bhandbook
_cWorld Health Organization, Blood Transfusion Safety
260 _aNew Delhi
_aGeneva
_bA.I.T.B.S. Publishers & Distributors
_bWorld Health Organization
_c2002
_c2001
300 _a219p.
_bill.
_c21.5cm
500 _aincludes index
710 _aWorld Health Organization
942 _2lcc
_cBK
_n0
999 _c4285
_d4285